<?xml version="1.0" encoding="UTF-8"?>
<record
    xmlns:xsi="http://www.w3.org/2001/XMLSchema-instance"
    xsi:schemaLocation="http://www.loc.gov/MARC21/slim http://www.loc.gov/standards/marcxml/schema/MARC21slim.xsd"
    xmlns="http://www.loc.gov/MARC21/slim">

  <leader>04655nam a2200541 a 4500</leader>
  <controlfield tag="001">dia_3807</controlfield>
  <controlfield tag="003">CHAP</controlfield>
  <controlfield tag="005">20241206182353.0</controlfield>
  <controlfield tag="007">ta</controlfield>
  <controlfield tag="008">220601s2007    mx edbofrm    001 0 spa d</controlfield>
  <datafield tag="040" ind1=" " ind2=" ">
    <subfield code="a">mxchpua</subfield>
    <subfield code="c">CHAP</subfield>
    <subfield code="e">rda</subfield>
  </datafield>
  <datafield tag="041" ind1="0" ind2=" ">
    <subfield code="a">spa</subfield>
    <subfield code="b">eng</subfield>
  </datafield>
  <datafield tag="090" ind1=" " ind2=" ">
    <subfield code="a">Tesis </subfield>
    <subfield code="b">E87 </subfield>
    <subfield code="c">2007</subfield>
  </datafield>
  <datafield tag="100" ind1="1" ind2=" ">
    <subfield code="a">Espinoza Sanchez, Katia Adriana</subfield>
  </datafield>
  <datafield tag="240" ind1="1" ind2="0">
    <subfield code="a">Study of feasibility a plant can producer of mushroom (Pleurotus ostreatus) in the municipality of Temascalapa, state of Mexico.</subfield>
    <subfield code="l">Espa&#xF1;ol</subfield>
  </datafield>
  <datafield tag="245" ind1="1" ind2="0">
    <subfield code="a">Estudio de factibilidad de una planta productora y enlatadora de setas (Pleurotus ostreatus) en Temascalapa, estado de M&#xE9;xico /</subfield>
    <subfield code="c">Katia Adriana Espinoza S&#xE1;nchez</subfield>
  </datafield>
  <datafield tag="264" ind1=" " ind2=" ">
    <subfield code="a">Chapingo, M&#xE9;xico :</subfield>
    <subfield code="b">El autor,</subfield>
    <subfield code="c">2007</subfield>
  </datafield>
  <datafield tag="300" ind1=" " ind2=" ">
    <subfield code="a">vii, 74 hojas : </subfield>
    <subfield code="b">gr&#xE1;ficas, diagramas, mapas, tablas, planos, fotos</subfield>
  </datafield>
  <datafield tag="336" ind1=" " ind2=" ">
    <subfield code="2">rdacontent</subfield>
    <subfield code="a">texto</subfield>
    <subfield code="b">txt</subfield>
  </datafield>
  <datafield tag="337" ind1=" " ind2=" ">
    <subfield code="2">rdamedia</subfield>
    <subfield code="a">no mediado</subfield>
    <subfield code="b">n</subfield>
  </datafield>
  <datafield tag="338" ind1=" " ind2=" ">
    <subfield code="2">rdacarrier</subfield>
    <subfield code="a">volumen</subfield>
    <subfield code="b">nc</subfield>
  </datafield>
  <datafield tag="500" ind1=" " ind2=" ">
    <subfield code="a">El plano est&#xE1; incluido en el reporte</subfield>
  </datafield>
  <datafield tag="502" ind1=" " ind2=" ">
    <subfield code="a">Tesis </subfield>
    <subfield code="b">(Ingeniero Agroindustrial) --</subfield>
    <subfield code="c">UACh. Departamento de Ingenier&#xED;a Agroindustrial,</subfield>
    <subfield code="d">2007</subfield>
  </datafield>
  <datafield tag="504" ind1=" " ind2=" ">
    <subfield code="a">Bibliograf&#xED;a: p&#xE1;ginas 61-63</subfield>
  </datafield>
  <datafield tag="505" ind1="0" ind2=" ">
    <subfield code="a">1 plano --
1. Plano de distribuci&#xF3;n de &#xE1;reas</subfield>
  </datafield>
  <datafield tag="520" ind1="3" ind2=" ">
    <subfield code="a">El presente estudio esta integrado por un conjunto de antecedentes t&#xE9;cnicos y econ&#xF3;micos, para determinar la factibilidad, rentabilidad y nivel de riesgo sobre el establecimiento de una planta productora y enlatadora de setas (Pleurotus ostreatus) en el municipio de Temascalapa, M&#xE9;xico donde las condiciones son &#xF3;ptimas para la producci&#xF3;n de Pleurotus sp., el estudio nos permite concluir que existe factibilidad t&#xE9;cnica para el establecimiento de una planta para este fin. La formulaci&#xF3;n y evaluaci&#xF3;n de proyectos permite la asignaci&#xF3;n adecuada de los recursos escasos, que encaminados a la creaci&#xF3;n de peque&#xF1;as empresas contribuye al desarrollo rural. Para poner en operaci&#xF3;n el presente proyecto se determin&#xF3; que se requiere de una inversi&#xF3;n fija total de $1 309 786.6 y un capital de trabajo de $ 36013.3. Los indicadores financieros obtenidos fueron: una TIR de 28% y una VAN de $ 405 553.5, con este estudio podemos concluir que existe factibilidad econ&#xF3;mica. Se realiz&#xF3; un an&#xE1;lisis de sensibilidad que muestra que el proyecto resulta poco sensible al aumento de los costos de operaci&#xF3;n de la empresa y a la disminuci&#xF3;n de ingresos por concepto de vol&#xFA;menes de venta, de tal manera que contin&#xFA;a siendo aceptable. --</subfield>
  </datafield>
  <datafield tag="520" ind1="3" ind2=" ">
    <subfield code="a">The present study is integrate by a group of technical and economic antecedents, to determine the feasibility, profitability and the level of risk to establish a plant can producer of mushroom (Pleurotus ostreatus) in the municipality of Temascalapa, Mexico, where the conditions are optimal for Pleurotus sp. production, this study allows us to conclude that technique feasibility exists for the establishment of a plant for this objective. The formulation and evaluation of projects allows the appropriate allocation of the economic scarce resources, guided to the creation of small companies, this contributes to the rural development. In order to put in operation the present project, It was determined that is require of investment fixes total of $1 309 786.6 and a capital of work of $ 36013.3. The financial indicators obtained were: a IRT of 28 % and a NPB of $ 405 553.5, with this study we can conclude that economic feasibility exists. It was made an analysis of sensibility that shows that the project result a little sensitive to the increase of the operation costs of the company and the decrease of earnings for sale volumes concept, therefore it still being acceptable.</subfield>
  </datafield>
  <datafield tag="650" ind1="1" ind2="3">
    <subfield code="a">Setas (Hongos)  </subfield>
    <subfield code="x">Comercializaci&#xF3;n</subfield>
    <subfield code="z">M&#xE9;xico</subfield>
    <subfield code="z">M&#xE9;xico</subfield>
    <subfield code="2">atg</subfield>
  </datafield>
  <datafield tag="650" ind1="1" ind2="3">
    <subfield code="a">Hongos comestibles</subfield>
    <subfield code="x">Envasado de alimentos</subfield>
    <subfield code="2">atg</subfield>
  </datafield>
  <datafield tag="650" ind1="1" ind2="3">
    <subfield code="a">Plantas de embalaje</subfield>
    <subfield code="2">atg</subfield>
  </datafield>
  <datafield tag="650" ind1="1" ind2="3">
    <subfield code="a">Iniciativa empresarial  </subfield>
    <subfield code="z">M&#xE9;xico</subfield>
    <subfield code="z">M&#xE9;xico</subfield>
    <subfield code="2">atg</subfield>
  </datafield>
  <datafield tag="650" ind1="1" ind2="3">
    <subfield code="a">Producci&#xF3;n de alimentos  </subfield>
    <subfield code="2">atg</subfield>
  </datafield>
  <datafield tag="650" ind1="1" ind2="3">
    <subfield code="a">Setae (fungi)  </subfield>
    <subfield code="x">Comercialization</subfield>
    <subfield code="z">M&#xE9;xico</subfield>
    <subfield code="z">M&#xE9;xico</subfield>
    <subfield code="2">atg</subfield>
  </datafield>
  <datafield tag="650" ind1="1" ind2="3">
    <subfield code="a">Edible fungi  </subfield>
    <subfield code="x">Food packging</subfield>
    <subfield code="2">atg</subfield>
  </datafield>
  <datafield tag="650" ind1="1" ind2="3">
    <subfield code="a">Packaging houses</subfield>
    <subfield code="2">atg</subfield>
  </datafield>
  <datafield tag="650" ind1="1" ind2="3">
    <subfield code="a">Entrepreneurship</subfield>
    <subfield code="z">Mexico</subfield>
    <subfield code="z">Mexico</subfield>
    <subfield code="2">atg</subfield>
  </datafield>
  <datafield tag="650" ind1="1" ind2="3">
    <subfield code="a">Food production  </subfield>
    <subfield code="2">atg</subfield>
  </datafield>
  <datafield tag="700" ind1="1" ind2=" ">
    <subfield code="a">Ponce Hern&#xE1;ndez, Pedro</subfield>
    <subfield code="e">director</subfield>
  </datafield>
  <datafield tag="700" ind1="1" ind2=" ">
    <subfield code="a">Mart&#xED;nez Romero, Salvador</subfield>
    <subfield code="e">asesor</subfield>
  </datafield>
  <datafield tag="700" ind1="1" ind2=" ">
    <subfield code="a">Leyva Ruelas, Gabriel</subfield>
    <subfield code="e">asesor</subfield>
  </datafield>
  <datafield tag="856" ind1="4" ind2="1">
    <subfield code="u">http://10.13.5.2/tesis/105560.pdf</subfield>
    <subfield code="y">DESCARGAR PDF</subfield>
  </datafield>
  <datafield tag="901" ind1=" " ind2=" ">
    <subfield code="a">Tesis E87 2007</subfield>
  </datafield>
  <datafield tag="902" ind1=" " ind2=" ">
    <subfield code="a">M</subfield>
  </datafield>
  <datafield tag="905" ind1=" " ind2=" ">
    <subfield code="a">0000002007                          mx     0000000000spa00</subfield>
  </datafield>
  <datafield tag="942" ind1=" " ind2=" ">
    <subfield code="c">TESIS</subfield>
    <subfield code="2">Clasificaci&#xF3;n Universidad Aut&#xF3;noma Chapingo</subfield>
  </datafield>
  <datafield tag="999" ind1=" " ind2=" ">
    <subfield code="c">209417</subfield>
    <subfield code="d">209417</subfield>
  </datafield>
  <datafield tag="952" ind1=" " ind2=" ">
    <subfield code="0">0</subfield>
    <subfield code="1">0</subfield>
    <subfield code="2">local</subfield>
    <subfield code="4">0</subfield>
    <subfield code="5">1</subfield>
    <subfield code="7">0</subfield>
    <subfield code="8">TESIS</subfield>
    <subfield code="a">IA_</subfield>
    <subfield code="b">IA_</subfield>
    <subfield code="d">2022-07-19</subfield>
    <subfield code="e">El autor</subfield>
    <subfield code="l">0</subfield>
    <subfield code="o">Tesis E87 2007</subfield>
    <subfield code="p">1101013369</subfield>
    <subfield code="r">2026-02-02 00:00:00</subfield>
    <subfield code="t">Ej. 1</subfield>
    <subfield code="w">2022-06-01</subfield>
    <subfield code="y">TESIS</subfield>
  </datafield>
  <datafield tag="952" ind1=" " ind2=" ">
    <subfield code="0">0</subfield>
    <subfield code="1">0</subfield>
    <subfield code="2">local</subfield>
    <subfield code="4">0</subfield>
    <subfield code="5">5</subfield>
    <subfield code="7">0</subfield>
    <subfield code="8">TESIS</subfield>
    <subfield code="a">IA_</subfield>
    <subfield code="b">IA_</subfield>
    <subfield code="d">2022-07-19</subfield>
    <subfield code="e">El autor</subfield>
    <subfield code="l">0</subfield>
    <subfield code="o">Tesis E87 2007</subfield>
    <subfield code="p">1101013370</subfield>
    <subfield code="r">2026-02-02 00:00:00</subfield>
    <subfield code="t">Ej. 2</subfield>
    <subfield code="w">2022-07-19</subfield>
    <subfield code="y">TESIS</subfield>
  </datafield>
  <datafield tag="952" ind1=" " ind2=" ">
    <subfield code="0">0</subfield>
    <subfield code="1">0</subfield>
    <subfield code="2">local</subfield>
    <subfield code="4">0</subfield>
    <subfield code="7">0</subfield>
    <subfield code="8">TesDigL</subfield>
    <subfield code="a">IA_</subfield>
    <subfield code="b">IA_</subfield>
    <subfield code="c">E_L</subfield>
    <subfield code="d">2023-02-14</subfield>
    <subfield code="e">El autor</subfield>
    <subfield code="l">0</subfield>
    <subfield code="p">1201013369</subfield>
    <subfield code="r">2023-02-14 00:00:00</subfield>
    <subfield code="w">2023-02-14</subfield>
    <subfield code="y">TD</subfield>
  </datafield>
</record>
